| 000 | 00591nam a2200217 a 4500 | ||
|---|---|---|---|
| 005 | 20250513063843.0 | ||
| 008 | 991125s1990 mx 000 0 spa u | ||
| 020 | _a9684610246 | ||
| 035 | _aUPN01000055301 | ||
| 049 | _aI | ||
| 050 | 4 |
_aPN1979 T6 _bT3.4 |
|
| 245 | 0 | 3 |
_aEl taller de los títeres / _cGabriela Rábago Palafox |
| 260 |
_aMéxico : _bArbol, _c1990. |
||
| 300 |
_a117 p. _bil. |
||
| 440 | 0 | _aCántaro | |
| 650 | 2 |
_aTíteres y teatro de títeres _920000 |
|
| 902 | _aEMO ESTELA MURATALLA OCHOA | ||
| 902 | _aGUADALUPE SANCHEZ | ||
| 904 |
_aAC _b055304 |
||
| 905 | _aInfantil | ||
| 999 |
_c55301 _d55301 |
||